Visual C++ generic programming
| Main Author: | |
|---|---|
| Format: | Book |
| Published: |
Blue Ridge Summit :
Windcrest/McGraw-Hill ,
1994
|
| Subjects: |
MARC
| LEADER | 00000cam a2200000 7i4500 | ||
|---|---|---|---|
| 001 | 0000007751 | ||
| 002 | 000008321 | ||
| 005 | 20000330.0 | ||
| 020 | |a 0830645918 | ||
| 090 | 0 | 0 | |a 005.73 |b SHA |
| 100 | 1 | |a Shammas, Namir C | |
| 245 | 1 | 0 | |a Visual C++ generic programming |c Namir C. Shammas |
| 260 | |a Blue Ridge Summit : |b Windcrest/McGraw-Hill , |c 1994 | ||
| 300 | |a 318p. ; |c 24cm. | ||
| 650 | 0 | 0 | |a Visual C++ |
| 999 | |a 053098 |b BUKU |c PINJAMAN |e PERPUSTAKAAN KOMUNITI PETALING JAYA | ||